Forever/ (Record no. 78307)
[ view plain ]
| 000 -LEADER | |
|---|---|
| fixed length control field | 00623nam a22001937a 4500 |
| 005 - DATE AND TIME OF LATEST TRANSACTION | |
| control field | 20130816164435.0 |
| 010 ## - LCCN (DPL NO) | |
| LC control number | B-523671-674 |
| 020 ## - INTERNATIONAL STANDARD BOOK NUMBER | |
| Terms of availability | 295.00 |
| International Standard Book Number | 9788184777994 |
| 035 ## - SYSTEM CONTROL NUMBER | |
| System control number | B-523671-674 |
| 037 ## - SOURCE OF ACQUISITION | |
| Stock number | dpl |
| Source of stock number/acquisition | KKP/VEN |
| 082 ## - DEWEY DECIMAL CLASSIFICATION NUMBER | |
| Classification number | N |
| 100 ## - MAIN ENTRY--PERSONAL NAME | |
| Personal name | Maggie, Stiefvater |
| 245 ## - TITLE STATEMENT | |
| Title | Forever/ |
| Statement of responsibility, etc | by Maggie Stiefvater |
| 260 ## - PUBLICATION, DISTRIBUTION, ETC. (IMPRINT) | |
| Place of publication, distribution, etc | USA |
| Name of publisher, distributor, etc | Scholastic India Pvt.Ltd. |
| Date of publication, distribution, etc | 2011 |
| 270 ## - ADDRESS | |
| Address | Golf View Corporate Tower-A,3rd Floor,dlf phase-v |
| City | Gurgaon |
| Postal code | 122002 |
| 300 ## - PHYSICAL DESCRIPTION | |
| Extent | 390p. |
| Other physical details | ill. |
| Dimensions | 15cm.(pbk) |
| 942 ## - ADDED ENTRY ELEMENTS (KOHA) | |
| Source of classification or shelving scheme | Dewey Decimal Classification |
| Item type | Children Books |
| Call number suffix | STI |
| Classification part | N |
| Withdrawn status | Lost status | Not for loan | Collection code | Home library | Current library | Date acquired | Source of acquisition | Cost, normal purchase price | Full call number | Barcode | Copy number | Cost, replacement price | Koha item type |
|---|---|---|---|---|---|---|---|---|---|---|---|---|---|
| Written-off vide DLB M. No. 383 dt 16.05.19 | Fiction | Central Library | Central Library | 16/08/2013 | KKP/BL3088/11.04.2013/203/11.04.2013/16.05.2013 | 295.00 | N STI | B-523671 | 1 | 295.00 | Children Books | ||
| Fiction | Janak Puri | Janak Puri | 16/08/2013 | KKP/BL3088/11.04.2013/203/11.04.2013/16.05.2013 | 295.00 | N STI | B-523673 | 1 | 295.00 | Children Books | |||
| Fiction | Karol Bagh | Karol Bagh | 16/08/2013 | KKP/BL3088/11.04.2013/203/11.04.2013/16.05.2013 | 295.00 | N STI | B-523674 | 1 | 295.00 | Children Books | |||
| Fiction | Patel Nagar | Patel Nagar | 16/08/2013 | KKP/BL3088/11.04.2013/203/11.04.2013/16.05.2013 | 295.00 | N STI | B-523672 | 1 | 295.00 | Children Books |
